| 000 | 00771nam a2200217 a 4500 | ||
|---|---|---|---|
| 001 | 1420088 | ||
| 003 | AM-YEHGA | ||
| 005 | 20250617164626.0 | ||
| 008 | 181108s2018 le c|||gr|||||||||0|arm|d | ||
| 020 | _a9789953044002 | ||
| 040 | _aAM-YeHGA | ||
| 041 | 0 | _aarm | |
| 100 | 1 | _aՃէպէճեան, Հրայր | |
| 245 | 1 | 0 |
_aՍփիւռքահայ կեանքեր՝ ինչպէս որ տեսայ / _cՀ. Ճէպէճեան ; Խմբ.՝ Ա. Ճէպէճեան. |
| 260 |
_aՊէյրութ : _bՀամազգայինի «Վահէ Սէթեան» հրատ., _c2018. |
||
| 300 |
_a552 էջ : _bլուսանկ. ; _c23 սմ. |
||
| 650 | 1 | 4 | _aՍփյուռքահայ հուշագրություն |
| 700 | 1 |
_aՃէպէճեան, Արտա _eխմբ. _4edt |
|
| 942 |
_2udc _cBK |
||
| 090 | _c564332 | ||
| 999 |
_c526715 _d526715 |
||